000 00383cam a2200157ua 4500
003 OSt
008 250731b |||||||| |||| 00| 0 eng d
041 _aeng
082 _a625.7
_bMAJ/RO
100 _aMajgaonkar, V.K .
_97634
245 _aRoads and earthwork engineering /
250 _a1 /
260 _a :
_bUnited book corperation ,
_c1959.
300 _a295 ; .
942 _cBK
999 _c2368
_d2368